00413cam a2200157ua 45000010005000000080039000050400009000440820013000531000027000662450052000932500009001452600038001543000017001926530019002096530027002283335111017n ii |||gr||||Z||||||asm cMAIN a891.45131 aBarthakur, Anandeswar,11aKaalchakra sandhikshancby Anandeswar Barthakur a1st. aGuahati:bLawyers book stall,997. a521p:c23cm. aAssamese novel aKaalchakra sandhikshan